000 00579nam a2200205 a 4500
001 2493
005 20140414131928.0
008 050602s19uu xx 00 eng d
020 _a81-7862-149-5
050 _aFIC
_bT59 2004
100 _aChoudhury, B.R.
245 _aTom Sawyer /
_cMark Twain ; retold by B.R. Choudhury.
260 _aNew Delhi :
_bSterling Press Private,
_c2004.
300 _a88 p. : ill. ; cm.
440 _aLearners Graded Readers, level 3
500 _a1900 plus headwords
650 _aFiction.
650 _aChildren stories.
999 _c112160
_d112160